00931nab a2200229uuc4500001000800000005001700008008004100025035001200066040001300078041001300091100003000104245009900134246009800233650002400331650002800355650003800383650006700421700002800488700003300516700004200549773011000591141750420240202122109.0150805e20150601 mul  a1417504 ccomduadb aENGamul10aCornejo, Carlos4auteaut10aRecuerdo secuencial y recuerdo vivido en el curso de la experiencia: un estudio videográfico1 aSequential remembering and lived remembering in the flow of experience: a videographic study. aCorporalidad humana aRecuerdo (Psicología) aMemoria - Aspectos psicológicos aBergson, Henry Louis, 1859-1941 - Crítica e interpretación10aOpazo, Paloma4auteaut10aOlivares, Himmbler4auteaut10aSepúlveda Correa, Daniela4auteaut0 tEstudios de Psicología (Madrid)gVolumen 36, Número 02, Junio 2015, 451-480w113762x0210-9395089405